Normal view
MARC view
Entry Personal Name
001 - CONTROL NUMBER
- control field: 53791
003 - CONTROL NUMBER IDENTIFIER
- control field: OSt
005 - DATE AND TIME OF LATEST TRANSACTION
- control field: 20240828144353.0
008 - FIXED-LENGTH DATA ELEMENTS
- fixed length control field: 240828|| aca||aabn | a|a d
040 ## - CATALOGING SOURCE
- Original cataloging agency: OSt
- Transcribing agency: OSt
100 ## - HEADING--PERSONAL NAME
- Personal name: ရေဝတ၊ ဘဒ္ဒန္တ၊ အရှင် (သစ္စာဒီပကဆရာတော်)။
670 ## - SOURCE DATA FOUND
- Source citation: Work cat.: (OSt)24255: ရေဝတ၊ ဘဒ္ဒန္တ၊ အရှင် (သစ္စာဒီပကဆရာတော်)။, စတုသစ္စဒဠှီကမ္မကထာ /, ၁၉၈၀။